000 00466nam a2200181 i 4500
001 bg
100 1 _aSZABO, Istvan
245 0 _aRepertorium und übungsbuch der Technischen Mechanik /
_cIstvan Szabo.
250 _a3 verb. u. erw. Aufl.
260 _aBerlin :
_bSpringer-Verlag,
_c1972.
020 _a3540054294
040 _cBPK
041 _apol
080 _a621.01
920 _a3-540-05429-4
942 _cKS
008 s pl f |000 0 pol
999 _c15531
_d15531
856 _uhttp://koha.tu.koszalin.pl/cgi-bin/koha/opac-detail.pl?biblionumber=15531
_yKatalog online BPK